书目信息 |
| 题名: |
少年摄影50讲
|
|
| 作者: | 刘祥龙 著 | |
| 分册: | ||
| 出版信息: | 上海 上海人民出版社 2000.5 |
|
| 页数: | 126页 | |
| 开本: | 20开 | |
| 丛书名: | ||
| 单 册: | ||
| 中图分类: | J41 | |
| 科图分类: | ||
| 主题词: | 摄影技术--普及读物 , 摄影艺术--少年读物 | |
| 电子资源: | ||
| ISBN: | 7-208-03328-5 | |
| 000 | 00581nam0 2200205 45 | |
| 001 | 0201251000 | |
| 005 | 20031219104052.8 | |
| 010 | @a7-208-03328-5@dCNY19.80 | |
| 100 | @a20020125d2000 km y0chiy0120 ea | |
| 101 | 0 | @achi |
| 105 | @aa z 000yy | |
| 200 | 1 | @a少年摄影50讲@AShao Nian She Ying 50 Jiang@f刘祥龙著@FLiu Xiang Long Zhu |
| 210 | @a上海@c上海人民出版社@d2000.5 | |
| 215 | @a126页@c图@d20开 | |
| 606 | 0 | @a摄影技术@x普及读物 |
| 606 | 0 | @a摄影艺术@x少年读物 |
| 690 | @aJ41@v4 | |
| 701 | 0 | @a刘祥龙@4著 |
| 801 | @aCN@bTSTC@c20020125 | |
| 905 | @b304299-305@dJ41@e129@f7 | |
| 少年摄影50讲/刘祥龙著.-上海:上海人民出版社,2000.5 |
| 126页:图;20开 |
| ISBN 7-208-03328-5:CNY19.80 |
| ● |
| 相关链接 |
|
|
|
|
正题名:少年摄影50讲
索取号:J41/129
 
预约/预借
| 序号 | 登录号 | 条形码 | 馆藏地/架位号 | 状态 | 备注 |
| 1 | 0304299 | 203042992 | 第一样本阅览室/ [索取号:J41/129] | 在馆 | |
| 2 | 0304300 | 203043009 | 第一借阅区/ [索取号:J41/129] | 在馆 | |
| 3 | 0304301 | 203043018 | 第一借阅区/ [索取号:J41/129] | 在馆 | |
| 4 | 0304302 | 203043027 | 第一借阅区/ [索取号:J41/129] | 在馆 | |
| 5 | 0304303 | 203043036 | 第一借阅区/ [索取号:J41/129] | 在馆 | |
| 6 | 0304304 | 203043045 | 第一借阅区/ [索取号:J41/129] | 在馆 | |
| 7 | 0304305 | 203043054 | 第一借阅区/ [索取号:J41/129] | 在馆 |